| 000 | 00529nam a2200181Ia 4500 | ||
|---|---|---|---|
| 003 | OSt | ||
| 005 | 20250116160004.0 | ||
| 008 | 210210b1953 xxu||||| |||| 00| 0 eng d | ||
| 040 | _cAL | ||
| 041 | _akan | ||
| 082 | _a854/17 | ||
| 100 |
_aKRASHNARAYA (A N) _9162381 _dಕೃಷ್ಣರಾಯ (ಅ ನ ಕೃ) |
||
| 245 |
_aSahitya mattu yugadharma: _bಸಾಹಿತ್ಯ ಮತ್ತು ಯುಗಧರ್ಮ |
||
| 260 |
_aBengaluru _b- _c1953 |
||
| 690 |
_aKannada Criticism _9162382 |
||
| 906 | _a019868 | ||
| 942 |
_2ddc _cBK |
||
| 999 |
_c144018 _d144018 |
||